Eduational Leadership and Leadership Education in Asia (Record no. 347357)
[ view plain ]
| 000 -LEADER | |
|---|---|
| fixed length control field | 00381nam a2200109Ia 4500 |
| 008 - FIXED-LENGTH DATA ELEMENTS--GENERAL INFORMATION | |
| fixed length control field | 171205s9999 xx 000 0 und d |
| 020 ## - INTERNATIONAL STANDARD BOOK NUMBER | |
| International Standard Book Number | 9789715427562 |
| 100 ## - MAIN ENTRY--PERSONAL NAME | |
| Personal name | Abdul-Hamid, Jamaliah. |
| 245 ## - TITLE STATEMENT | |
| Statement of responsibility, etc | Jamaliah Abdul-Hamid, Narcisa Paredes-Canilao |
| Title | Eduational Leadership and Leadership Education in Asia |
| 260 ## - PUBLICATION, DISTRIBUTION, ETC. (IMPRINT) | |
| Name of publisher, distributor, etc | University of the Philippines Press |
| Date of publication, distribution, etc | 2014 |
| 300 ## - PHYSICAL DESCRIPTION | |
| Extent | 360 pages |
| Withdrawn status | Lost status | Damaged status | Home library | Current library | Shelving location | Date acquired | Source of acquisition | Total Checkouts | Full call number | Barcode | Date last seen | Price effective from | Koha item type |
|---|---|---|---|---|---|---|---|---|---|---|---|---|---|
| College Library | College Library | Filipiniana Section | 12/05/2017 | Library Fund | LB 2944.5 .Ed24 2014 | c21105 | 05/08/2018 | 12/05/2017 | Books |